| 000 | 00615nam a2200181 4500 | ||
|---|---|---|---|
| 001 | 107910 | ||
| 003 | ES-MaACL | ||
| 005 | 20230906184524.0 | ||
| 007 | t| | ||
| 008 | 061121s1985 fr r ||||1| fre d | ||
| 020 | _a2-7178-813-2 | ||
| 100 | 1 |
_aMolinie-Bertrand, Annie. _982008 |
|
| 245 | 1 | 0 |
_aAu siècle d'or, l'Espagne et ses hommes _b: la population du Royaume de Castille au XVIe siècle / _cAnnie Molinié-Bertrand; préface de Pierre Chaunu. |
| 260 |
_aParis : _bEconomica, _c1985. |
||
| 300 |
_aIV, 445 p. : _bil. ; _c24 cm. |
||
| 700 | 1 |
_aChaunu, Pierre. _938210 |
|
| 852 |
_aES-MaACL _jL-8929 _bR.110603 |
||
| 999 |
_c107910 _d107910 |
||